01312nab a22002417a 4500003000400000005001700004008004100021040000700062100002600069245015100095260007300246300001300319500007200332505025900404505008900663650002900752650003800781650004000819650003000859650002200889650002600911773013300937OSt20251226231634.0190603e xxum|||| |||| 00| 0 spa d cPJ aAlferillo, Pascual E.13aLas monedas sin curso legal en el régimen monetario argentino. A diez años de vigencia del Código Civil y Comercial /cPascual E. Alferillo. cCiudad Autónoma de Buenos Aires :aThomson Reuters La Ley, b2025. ap. 75-85 aCita: TR LALEY AR/DOC/1770/2025 Publicado en: RCCyC 2025 (agosto). aSumario: I. Introducción.— II. Situación precedente a la sanción del Cód. Civ. y Com.— III. El régimen monetario del Cód. Civ. y Com.— IV. Las modificaciones de los arts. 765 y 766 por el DNU-2023-70-APN-PTE.— V. Reflexiones finales.  t¿Te interesa el texto completo? Solicitalo al correo: koha@justierradelfuego.gov.ar 0aCODIGO CIVIL Y COMERCIAL 0aOBLIGACIONES EN MONEDA EXTRANJERA 0aOBLIGACIONES DE DAR SUMAS DE DINERO 0aACTUALIZACIÓN MONETARIA 0aACTOS JURÍDICOS 0aMONEDA DE CURSO LEGAL0 02713dCiudad Autónoma de Buenos Aires : Thomson Reuters La Ley, 2015-tRevista Código Civil y Comercial. Nº 4 - Agosto 2025